[Event "Barcelona Sant Marti op 10th"]
[Site "Barcelona"]
[Date "2023.01.19"]
[Round "2"]
[White "Pons Hernando, Francesc Xavier"]
[Black "Falomir Ballega, Sergi"]
[Result "1-0"]
[WhiteElo "1420"]
[BlackElo "1639"]
[PlyCount "87"]
[EventDate "2023.01.12"]
[EventType "swiss"]
[EventRounds "9"]
[EventCountry "ESP"]
[SourceTitle "CBM 213 Extra"]
[Source "ChessBase"]
[SourceDate "2023.05.31"]
[SourceVersion "1"]
[SourceVersionDate "2023.05.31"]
[SourceQuality "1"]

1. d4 d5 2. Nf3 e6 3. c4 c6 4. cxd5 exd5 5. Nc3 f5 6. e3 Nf6 7. Ne5 Bd6 8. Be2 0-0 9. 0-0 Bxe5 10. dxe5 Ne4 11. Bd2 Qe7 12. f4 Be6 13. Rc1 Nd7 14. Be1 Rad8 15. Rf3 Ndc5 16. Rh3 Rd7 17. Bf1 Bf7 18. Ne2 Ne6 19. a3 Rfd8 20. Nd4 g5 21. Nxf5 Qe8 22. Nh6+ Kh8 23. f5 Ng7 24. e6 Nxe6 25. fxe6 Bxe6 26. Qd4+ Rg7 27. Rg3 Qg6 28. Ng4 Bxg4 29. Rxg4 h5 30. Rxe4 Qxe4 31. Qxe4 dxe4 32. Bc3 Kg8 33. Bc4+ Kh7 34. Bxg7 Kxg7 35. Rf1 b5 36. Be6 Rd2 37. Rf7+ Kg6 38. Rxa7 Rxb2 39. Bd7 c5 40. Rb7 c4 41. Rxb5 c3 42. Bf5+ Kh6 43. Rxb2 cxb2 44. Bxe4 1-0

[Event "Maresme op 16th"]
[Site "Maresme"]
[Date "2019.11.23"]
[Round "7"]
[White "Falomir Ballega, Sergi"]
[Black "Llopis Jordan, Lluis"]
[Result "1/2-1/2"]
[WhiteElo "1608"]
[BlackElo "1600"]
[PlyCount "42"]
[EventDate "2019.09.29"]
[EventType "swiss"]
[EventRounds "8"]
[EventCountry "ESP"]
[SourceTitle "CBM 193 Extra"]
[Source "ChessBase"]
[SourceDate "2020.01.31"]
[SourceVersion "1"]
[SourceVersionDate "2020.01.31"]
[SourceQuality "1"]

1. d4 f5 2. Nc3 Nf6 3. Bg5 e6 4. e4 Be7 5. exf5 exf5 6. Bc4 Ne4 7. Bxe7 Qxe7 8. Nd5 Qd6 9. Nf3 Nc6 10. 0-0 Na5 11. Qe2 b5 12. Nc3 Nxc4 13. Nxe4 Qe7 14. Nc3 Qxe2 15. Nxe2 0-0 16. Nc3 a6 17. b3 Nb6 18. Rfe1 b4 19. Ne2 Bb7 20. Ne5 d6 21. Nd3 Nd5 1/2-1/2

[Event "Mem Vinas 15th B"]
[Site "Mataro"]
[Date "2019.06.01"]
[Round "4.3"]
[White "Falomir Ballega, Sergi"]
[Black "Llopis Jordan, Lluis"]
[Result "1-0"]
[WhiteElo "1595"]
[BlackElo "1633"]
[PlyCount "31"]
[EventDate "2019.05.04"]
[EventType "swiss"]
[EventRounds "8"]
[EventCountry "ESP"]
[SourceTitle "EXT 2024"]
[Source "ChessBase"]
[SourceDate "2023.10.10"]
[SourceVersion "1"]
[SourceVersionDate "2023.10.10"]
[SourceQuality "1"]

1. d4 f5 2. Nc3 Nf6 3. Bg5 e6 4. e4 Be7 5. exf5 exf5 6. Bc4 d6 7. Qe2 Nbd7 8. 0-0-0 h6 9. Nf3 Rf8 10. Bxf6 Nxf6 11. Ne5 d5 12. Nxd5 c6 13. Nxf6+ Rxf6 14. Qh5+ Kf8 15. Ng6+ Ke8 16. Rhe1 1-0

[Event "Mem Vinas 15th B"]
[Site "Mataro"]
[Date "2019.05.11"]
[Round "2.8"]
[White "Falomir Ballega, Sergi"]
[Black "Rodriguez Quiroga, Jorge"]
[Result "1-0"]
[WhiteElo "1595"]
[BlackElo "1292"]
[PlyCount "93"]
[EventDate "2019.05.04"]
[EventType "swiss"]
[EventRounds "8"]
[EventCountry "ESP"]
[SourceTitle "EXT 2024"]
[Source "ChessBase"]
[SourceDate "2023.10.10"]
[SourceVersion "1"]
[SourceVersionDate "2023.10.10"]
[SourceQuality "1"]

1. d4 e6 2. Nf3 c5 3. e3 Nf6 4. Bd3 cxd4 5. exd4 Nc6 6. 0-0 Qb6 7. c3 d5 8. Nbd2 Bd7 9. b3 Qc7 10. Bb2 Be7 11. Qe2 0-0 12. Rac1 Bd6 13. c4 Qb8 14. Ne5 Bxe5 15. dxe5 Ne8 16. f4 Nb4 17. Bb1 f5 18. a3 Nc6 19. cxd5 exd5 20. e6 Bc8 21. b4 Qd6 22. b5 Ne7 23. Rf3 Nf6 24. a4 Ng6 25. Ba3 Qb6+ 26. Bc5 Qc7 27. g3 Re8 28. Rfc3 Rxe6 29. Qd3 Ne4 30. Nxe4 dxe4 31. Qd4 Qf7 32. Ba2 b6 33. Qd8+ Nf8 34. Bxe6 Bxe6 35. Qxa8 g6 36. Qxf8+ Qxf8 37. Bxf8 Kxf8 38. Kf2 Ke7 39. Rc7+ Kf6 40. Rxa7 g5 41. Ke3 h6 42. Ra6 Bb3 43. Rxb6+ Ke7 44. a5 gxf4+ 45. gxf4 Bd5 46. Rc7+ Kd8 47. Rh7 1-0

[Event "Barcelona La Lira op 12th"]
[Site "Barcelona"]
[Date "2019.04.25"]
[Round "3"]
[White "Garcia Riera, Josep"]
[Black "Falomir Ballega, Sergi"]
[Result "1-0"]
[WhiteElo "1856"]
[BlackElo "1613"]
[PlyCount "59"]
[EventDate "2019.04.04"]
[EventType "swiss"]
[EventRounds "9"]
[EventCountry "ESP"]
[SourceTitle "CBM 190 Extra"]
[Source "ChessBase"]
[SourceDate "2019.07.15"]
[SourceVersion "1"]
[SourceVersionDate "2019.07.15"]
[SourceQuality "1"]

1. d4 d5 2. c4 e6 3. Nc3 c6 4. Nf3 f5 5. Bf4 Nf6 6. e3 Bd6 7. Bd3 0-0 8. 0-0 Ne4 9. Bxd6 Qxd6 10. Ne5 Nd7 11. Nxd7 Bxd7 12. f3 Nf6 13. c5 Qc7 14. f4 Be8 15. b4 a6 16. a4 Kh8 17. Qd2 Rg8 18. Kh1 g5 19. g3 Bh5 20. Be2 Bxe2 21. Qxe2 Rg6 22. Rg1 Rag8 23. Rg2 Qg7 24. Rag1 Ng4 25. Nd1 h5 26. Nf2 Nf6 27. Nd3 h4 28. Ne5 Rh6 29. fxg5 hxg3 30. gxh6 1-0

[Event "Barcelona Primavera La Lira op 11th"]
[Site "Barcelona"]
[Date "2018.05.17"]
[Round "6"]
[White "Sanchez Valencia, Alberto"]
[Black "Falomir Ballega, Sergi"]
[Result "0-1"]
[WhiteElo "1497"]
[BlackElo "1658"]
[PlyCount "78"]
[EventDate "2018.04.12"]
[EventType "swiss"]
[EventRounds "9"]
[EventCountry "ESP"]
[SourceTitle "CBM 184 Extra"]
[Source "ChessBase"]
[SourceDate "2018.06.28"]
[SourceVersion "1"]
[SourceVersionDate "2018.06.28"]
[SourceQuality "1"]

1. e4 d5 2. exd5 Qxd5 3. Nc3 Qa5 4. b4 Qxb4 5. Nb5 Qa5 6. Bc4 Nf6 7. Bb2 Nc6 8. Bc3 Qb6 9. Rb1 Na5 10. Qe2 a6 11. Na3 Qd6 12. Bxa5 Qxa3 13. Bxc7 b5 14. Bb3 Bb7 15. Qd3 Qc5 16. Qg3 Ne4 17. Qf4 e6 18. Nf3 Qxf2+ 19. Kd1 Qc5 20. Rf1 Bd6 21. Bxd6 Nxd6 22. Ne5 0-0 23. Nd7 e5 24. Qg4 Qc8 25. Nxf8 Qxg4+ 26. Kc1 Rxf8 27. Kb2 Qd4+ 28. Kc1 Ne4 29. Rd1 Nf2 30. c3 Qg4 31. Rg1 Nd3+ 32. Kc2 Be4 33. Rbf1 Qe2 34. Kb1 Ne1+ 35. Kc1 Nd3+ 36. Kc2 Nc5+ 37. Kb2 Nxb3 38. axb3 Qxd2+ 39. Ka3 Qxc3 0-1

[Event "Barcelona Sant Marti op 7th"]
[Site "Barcelona"]
[Date "2018.02.01"]
[Round "4"]
[White "Valarezo Ricard, Pedro"]
[Black "Falomir Ballega, Sergi"]
[Result "1/2-1/2"]
[WhiteElo "1858"]
[BlackElo "1653"]
[PlyCount "86"]
[EventDate "2018.01.11"]
[EventType "swiss"]
[EventRounds "9"]
[EventCountry "ESP"]
[SourceTitle "EXT 2019"]
[Source "ChessBase"]
[SourceDate "2018.10.10"]
[SourceVersion "1"]
[SourceVersionDate "2018.10.10"]
[SourceQuality "1"]

1. d4 Nf6 2. Nf3 d6 3. Bg5 g6 4. Nc3 Bg7 5. Qd2 Nbd7 6. Bh6 0-0 7. h4 Bxh6 8. Qxh6 Ng4 9. Qd2 h5 10. e4 Ndf6 11. Ng5 Kg7 12. f3 Nh6 13. 0-0-0 c6 14. Kb1 Qa5 15. Qf4 e5 16. Qe3 b5 17. dxe5 dxe5 18. Qc5 Qb6 19. Qxe5 Bb7 20. Qe7 Rfe8 21. Ne6+ Kg8 22. Qxf6 Rxe6 23. Qf4 Kg7 24. g4 hxg4 25. h5 b4 26. Na4 Qa5 27. hxg6 Rxg6 28. b3 Rd8 29. Bc4 Rxd1+ 30. Rxd1 Ba6 31. Bxa6 Qxa6 32. Qe5+ Kh7 33. fxg4 Nxg4 34. Rh1+ Nh6 35. Qe8 Rg7 36. Nc5 Qb6 37. Nd7 Rg1+ 38. Rxg1 Qxg1+ 39. Kb2 Qd4+ 40. Kc1 Qg1+ 41. Kd2 Qf2+ 42. Kd1 Qf1+ 43. Kd2 Qf2+ 1/2-1/2

[Event "Barcelona Sant Marti op 7th"]
[Site "Barcelona"]
[Date "2018.01.25"]
[Round "3"]
[White "Falomir Ballega, Sergi"]
[Black "Cabot Muntane, Jordi"]
[Result "0-1"]
[WhiteElo "1653"]
[BlackElo "1861"]
[PlyCount "126"]
[EventDate "2018.01.11"]
[EventType "swiss"]
[EventRounds "9"]
[EventCountry "ESP"]
[SourceTitle "EXT 2019"]
[Source "ChessBase"]
[SourceDate "2018.10.10"]
[SourceVersion "1"]
[SourceVersionDate "2018.10.10"]
[SourceQuality "1"]

1. d4 f5 2. Nf3 Nf6 3. g3 e6 4. Bg2 d5 5. 0-0 Bd6 6. c4 c6 7. b3 Qe7 8. Bb2 0-0 9. Nbd2 Bd7 10. Qc2 Ne4 11. Ne5 Be8 12. e3 Bh5 13. Ndf3 Nd7 14. Nxd7 Qxd7 15. Ne5 Qe7 16. f3 Nf6 17. Rfe1 Rad8 18. a3 Nd7 19. b4 g5 20. Nxd7 Qxd7 21. f4 Qg7 22. Kh1 Rf6 23. Rg1 Rh6 24. Bf1 Bf3+ 25. Bg2 Rxh2+ 26. Kxh2 Qh6+ 27. Bh3 g4 28. Rg2 Qxh3+ 29. Kg1 Qxg2+ 30. Qxg2 Bxg2 31. Kxg2 dxc4 32. Rh1 Bf8 33. Rh5 h6 34. Bc3 Kf7 35. a4 b5 36. a5 Kg6 37. Rh1 a6 38. Re1 Bd6 39. Rh1 Rd7 40. Re1 Rh7 41. Rh1 h5 42. Be1 Be7 43. Rh2 Bf6 44. Rh1 Kf7 45. Kf1 Ke7 46. Ke2 Kd6 47. Rh2 Kd5 48. Rh1 Be7 49. Rh2 Ke4 50. Rh1 c3 51. Bxc3 h4 52. Be1 h3 53. Rh2 Bd6 54. Bc3 Be7 55. Bd2 Bf6 56. Bc3 Rd7 57. Bb2 Rd8 58. Bc3 Rg8 59. Bb2 Bh4 60. Kf2 Kd3 61. Bc1 Be7 62. Ba3 Kc3 63. Ke1 Kb3 0-1

[Event "Barcelona CC 4th"]
[Site "Barcelona"]
[Date "2016.10.31"]
[Round "3.5"]
[White "Valarezo Ricard, Pedro"]
[Black "Falomir Ballega, Sergi"]
[Result "1-0"]
[WhiteElo "2086"]
[BlackElo "1936"]
[PlyCount "36"]
[EventDate "2016.10.17"]
[EventType "swiss"]
[EventRounds "8"]
[EventCountry "ESP"]
[SourceTitle "EXT 2024"]
[Source "ChessBase"]
[SourceDate "2023.10.10"]
[SourceVersion "1"]
[SourceVersionDate "2023.10.10"]
[SourceQuality "1"]

1. d4 Nf6 2. Nf3 d6 3. Bf4 Nbd7 4. h3 g6 5. Nc3 Bg7 6. Qd2 0-0 7. Bh6 c5 8. Bxg7 Kxg7 9. d5 b5 10. a3 Qa5 11. 0-0-0 b4 12. Nb1 Nb6 13. axb4 cxb4 14. Nd4 Ne4 15. Nc6 Qa1 16. Qd4+ Nf6 17. e4 e5 18. dxe6 d5 1-0

[Event "Barcelona CC 4th"]
[Site "Barcelona"]
[Date "2016.10.17"]
[Round "1.2"]
[White "Canellas Magide, Lluis"]
[Black "Falomir Ballega, Sergi"]
[Result "1-0"]
[WhiteElo "2183"]
[BlackElo "1936"]
[PlyCount "31"]
[EventDate "2016.10.17"]
[EventType "swiss"]
[EventRounds "8"]
[EventCountry "ESP"]
[SourceTitle "EXT 2024"]
[Source "ChessBase"]
[SourceDate "2023.10.10"]
[SourceVersion "1"]
[SourceVersionDate "2023.10.10"]
[SourceQuality "1"]

1. f4 d5 2. Nf3 f5 3. b3 Nf6 4. Bb2 e6 5. e3 Bd6 6. Be2 0-0 7. 0-0 Qe7 8. Qe1 Nbd7 9. Ne5 c6 10. d3 Bc5 11. Rf3 Ng4 12. d4 Bb4 13. c3 Bd6 14. Rg3 Qh4 15. h3 Ngxe5 16. Rxg7+ 1-0

[Event "Sants Hostafrancs op-C 18th"]
[Site "Barcelona"]
[Date "2016.08.22"]
[Round "4"]
[White "Falomir Ballega, Sergi"]
[Black "Lorenzo Gallardo, Eduard"]
[Result "0-1"]
[WhiteElo "1695"]
[BlackElo "1791"]
[PlyCount "92"]
[EventDate "2016.08.19"]
[EventType "swiss"]
[EventRounds "10"]
[EventCountry "ESP"]
[SourceTitle "EXT 2019"]
[Source "ChessBase"]
[SourceDate "2018.10.10"]
[SourceVersion "1"]
[SourceVersionDate "2018.10.10"]
[SourceQuality "1"]

1. d4 d5 2. Nf3 Bf5 3. e3 c6 4. c4 dxc4 5. Bxc4 e6 6. a4 Nf6 7. Nc3 Ne4 8. 0-0 Nd7 9. Nxe4 Bxe4 10. Nd2 Bg6 11. e4 Be7 12. f4 Nb6 13. f5 Qxd4+ 14. Kh1 Nxc4 15. fxg6 hxg6 16. Qf3 Ne5 17. Qe2 Bd6 18. h3 f6 19. Nf3 Nxf3 20. Qxf3 Qe5 21. Bf4 Qxf4 22. Qxf4 Bxf4 23. Rxf4 g5 24. Rff1 g4 25. Kh2 Rd8 26. Rad1 Rxd1 27. Rxd1 e5 28. a5 Ke7 29. a6 gxh3 30. gxh3 b6 31. b4 Rd8 32. Rc1 Rc8 33. Kg3 c5 34. b5 c4 35. Rc3 Rc5 36. Kg4 g6 37. h4 Rxb5 38. Rxc4 Rc5 39. Ra4 Ra5 40. Rc4 Kd7 41. h5 gxh5+ 42. Kxh5 Rxa6 43. Kg6 b5 44. Rc5 Rb6 45. Kf7 a6 46. Rd5+ Rd6 0-1

[Event "Barcelona Primavera La Lira op 9th"]
[Site "Barcelona"]
[Date "2016.04.21"]
[Round "3"]
[White "Falomir Ballega, Sergi"]
[Black "Parayre Soguero, Jordi"]
[Result "0-1"]
[WhiteElo "1694"]
[BlackElo "1891"]
[PlyCount "52"]
[EventDate "2016.04.07"]
[EventType "swiss"]
[EventRounds "9"]
[EventCountry "ESP"]
[SourceTitle "CBM 172 Extra"]
[Source "ChessBase"]
[SourceDate "2016.06.21"]
[SourceVersion "1"]
[SourceVersionDate "2016.06.21"]
[SourceQuality "1"]

1. d4 Nf6 2. Nf3 d5 3. e3 c5 4. b3 cxd4 5. exd4 e6 6. a3 Nc6 7. Bd3 Bd6 8. Bb2 0-0 9. Ne5 Qc7 10. Qe2 Bxe5 11. dxe5 Nd7 12. f4 Nc5 13. 0-0 Nxd3 14. Qxd3 Qb6+ 15. Kh1 Ne7 16. Nd2 Bd7 17. c4 Bc6 18. Bd4 Qa6 19. Qh3 dxc4 20. Nxc4 Bb5 21. Rac1 Rac8 22. Nd6 Bxf1 23. Nxc8 Rxc8 24. Rxc8+ Nxc8 25. Qc3 Qc6 26. Qxc6 bxc6 0-1

[Event "Barcelona Sant Marti op-B 5th"]
[Site "Barcelona"]
[Date "2016.02.18"]
[Round "6"]
[White "Tortosa Moros, Joan"]
[Black "Falomir Ballega, Sergi"]
[Result "1-0"]
[WhiteElo "1756"]
[BlackElo "1703"]
[PlyCount "65"]
[EventDate "2016.01.14"]
[EventType "swiss"]
[EventRounds "9"]
[EventCountry "ESP"]
[SourceTitle "EXT 2017"]
[Source "ChessBase"]
[SourceDate "2016.10.25"]
[SourceVersion "1"]
[SourceVersionDate "2016.10.25"]
[SourceQuality "1"]

1. e4 c5 2. Nf3 Nc6 3. d4 cxd4 4. Nxd4 Nf6 5. Nc3 e5 6. Ndb5 d6 7. Nd5 Nxd5 8. exd5 Nb8 9. c4 Be7 10. Be2 0-0 11. Bd2 f5 12. Qc2 Nd7 13. g4 a6 14. Nc3 fxg4 15. Bxg4 Nf6 16. h3 b5 17. Ne4 Nxg4 18. hxg4 Bh4 19. g5 Bxf2+ 20. Nxf2 Bf5 21. Qc3 bxc4 22. 0-0-0 a5 23. Rde1 Qe8 24. Ne4 Qg6 25. Qe3 a4 26. a3 Rab8 27. Bb4 Bxe4 28. Qxe4 Qxg5+ 29. Kb1 g6 30. Qxc4 Rbc8 31. Qd3 Qe7 32. Qh3 Rf6 33. Qxc8+ 1-0

[Event "Barcelona Sant Marti op-B 5th"]
[Site "Barcelona"]
[Date "2016.02.11"]
[Round "5"]
[White "Colom Andres, Xavier"]
[Black "Falomir Ballega, Sergi"]
[Result "0-1"]
[WhiteElo "1903"]
[BlackElo "1703"]
[PlyCount "56"]
[EventDate "2016.01.14"]
[EventType "swiss"]
[EventRounds "9"]
[EventCountry "ESP"]
[SourceTitle "EXT 2017"]
[Source "ChessBase"]
[SourceDate "2016.10.25"]
[SourceVersion "1"]
[SourceVersionDate "2016.10.25"]
[SourceQuality "1"]

1. c4 e6 2. Nc3 d5 3. e3 f5 4. cxd5 exd5 5. g3 Nf6 6. Bg2 c6 7. Nge2 Bd6 8. b3 0-0 9. 0-0 b6 10. Bb2 Bb7 11. Nd4 Ne4 12. Ne6 Qe7 13. Nxf8 Qxf8 14. Ne2 Nd7 15. Nd4 Ne5 16. d3 Nc5 17. Bc3 a5 18. Qh5 g6 19. Qe2 Nexd3 20. Ne6 Qe7 21. Nxc5 Nxc5 22. Rfd1 Ba6 23. Qc2 Ne4 24. Bb2 Re8 25. Qxc6 Bb7 26. Qc2 Bc5 27. Bxe4 Qxe4 28. Bd4 Qxc2 0-1